[Event "Najdorf Memorial"]
[Site "Warsaw POL"]
[Date "2021.07.15"]
[Round "6.1"]
[White "Kosakowski, Jakub"]
[Black "Donchenko, Alexander"]
[Result "1/2-1/2"]
[WhiteElo "2417"]
[BlackElo "2652"]
[EventDate "2021.07.10"]
[PlyCount "143"]
[LiveChessVersion "1.4.8"]

1.e4 {[%clk 1:30:50]} 1...c5 {[%clk 1:30:29]} 2.Nf3 {[%clk 1:31:00]} 2...d6
{[%clk 1:30:47]} 3.d4 {[%clk 1:30:51]} 3...cxd4 {[%clk 1:31:09]} 4.Nxd4 {[%clk
1:31:16]} 4...Nf6 {[%clk 1:31:32]} 5.Nc3 {[%clk 1:31:39]} 5...a6 {[%clk
1:31:55]} 6.Bg5 {[%clk 1:31:31]} 6...e6 {[%clk 1:31:58]} 7.f4 {[%clk 1:31:34]}
7...Qb6 {[%clk 1:32:10]} 8.Nb3 {[%clk 1:21:54]} 8...Nbd7 {[%clk 1:32:06]} 9.Qe2
{[%clk 1:20:45]} 9...Qc7 {[%clk 1:31:15]} 10.O-O-O {[%clk 1:15:31]} 10...b5
{[%clk 1:30:25]} 11.a3 {[%clk 1:09:47]} 11...Be7 {[%clk 1:26:40]} 12.g3 {[%clk
1:06:35]} 12...Nb6 {[%clk 1:19:54]} 13.Bg2 {[%clk 1:01:51]} 13...Rb8 {[%clk
1:19:14]} 14.Rhe1 {[%clk 0:47:01]} 14...Bb7 {[%clk 0:57:08]} 15.e5 {[%clk
0:37:57]} 15...dxe5 {[%clk 0:55:20]} 16.Bxb7 {[%clk 0:36:47]} 16...Rxb7 {[%clk
0:50:26]} 17.Na5 {[%clk 0:36:05]} 17...Na4 {[%clk 0:41:36]} 18.Nxb7 {[%clk
0:24:53]} 18...Nxc3 {[%clk 0:36:35]} 19.bxc3 {[%clk 0:17:02]} 19...Qxb7 {[%clk
0:29:09]} 20.Bxf6 {[%clk 0:17:25]} 20...Bxf6 {[%clk 0:23:34]} 21.fxe5 {[%clk
0:17:04]} 21...Be7 {[%clk 0:23:53]} 22.Qe4 {[%clk 0:14:18]} 22...Qc8 {[%clk
0:20:32]} 23.Rd3 {[%clk 0:14:07]} 23...Bxa3+ {[%clk 0:19:48]} 24.Kd2 {[%clk
0:14:32]} 24...O-O {[%clk 0:20:06]} 25.Ra1 {[%clk 0:13:42]} 25...Be7 {[%clk
0:19:35]} 26.Ke2 {[%clk 0:13:09]} 26...Bd8 {[%clk 0:16:26]} 27.Rd6 {[%clk
0:07:25]} 27...Qxc3 {[%clk 0:15:04]} 28.Raxa6 {[%clk 0:07:23]} 28...Ba5 {[%clk
0:13:26]} 29.Rd1 {[%clk 0:05:45]} 29...g6 {[%clk 0:11:25]} 30.Rc6 {[%clk
0:04:49]} 30...Qa3 {[%clk 0:09:43]} 31.Rd3 {[%clk 0:03:06]} 31...Qc1 {[%clk
0:07:50]} 32.Kf2 {[%clk 0:03:13]} 32...Rb8 {[%clk 0:05:14]} 33.Kg2 {[%clk
0:03:33]} 33...Bb6 {[%clk 0:04:21]} 34.Qf4 {[%clk 0:02:49]} 34...Qg1+ {[%clk
0:04:32]} 35.Kh3 {[%clk 0:03:14]} 35...Rf8 {[%clk 0:02:20]} 36.Rf3 {[%clk
0:02:45]} 36...Bd8 {[%clk 0:00:48]} 37.Rxe6 {[%clk 0:02:06]} 37...Qa7 {[%clk
0:00:41]} 38.Rd6 {[%clk 0:02:04]} 38...Be7 {[%clk 0:00:39]} 39.Rd1 {[%clk
0:00:33]} 39...Qb6 {[%clk 0:00:33]} 40.Kg2 {[%clk 0:30:45]} 40...Qe6 {[%clk
0:30:36]} 41.Rdf1 {[%clk 0:24:31]} 41...Qd5 {[%clk 0:29:43]} 42.Rf2 {[%clk
0:18:24]} 42...h5 {[%clk 0:29:03]} 43.Rd2 {[%clk 0:17:46]} 43...Qc6 {[%clk
0:28:41]} 44.h3 {[%clk 0:15:20]} 44...Kg7 {[%clk 0:21:07]} 45.g4 {[%clk
0:13:52]} 45...hxg4 {[%clk 0:17:12]} 46.hxg4 {[%clk 0:13:50]} 46...Qe6 {[%clk
0:17:00]} 47.Rdf2 {[%clk 0:11:39]} 47...Qd5 {[%clk 0:12:08]} 48.Rf1 {[%clk
0:09:53]} 48...Kg8 {[%clk 0:12:16]} 49.Kg3 {[%clk 0:06:21]} 49...Qe6 {[%clk
0:12:07]} 50.R3f2 {[%clk 0:04:09]} 50...Bd8 {[%clk 0:11:15]} 51.Re2 {[%clk
0:02:32]} 51...Re8 {[%clk 0:10:27]} 52.Ref2 {[%clk 0:02:25]} 52...Rf8 {[%clk
0:10:23]} 53.Kg2 {[%clk 0:01:59]} 53...Bc7 {[%clk 0:10:21]} 54.Re2 {[%clk
0:02:10]} 54...Ra8 {[%clk 0:09:34]} 55.Ref2 {[%clk 0:01:49]} 55...Rf8 {[%clk
0:09:26]} 56.Re2 {[%clk 0:01:23]} 56...Re8 {[%clk 0:08:57]} 57.Rf3 {[%clk
0:01:00]} 57...Re7 {[%clk 0:08:15]} 58.Rfe3 {[%clk 0:00:54]} 58...Re8 {[%clk
0:07:36]} 59.Rf3 {[%clk 0:01:20]} 59...Re7 {[%clk 0:07:12]} 60.Rfe3 {[%clk
0:01:26]} 60...Re8 {[%clk 0:07:31]} 61.g5 {[%clk 0:01:18]} 61...Ra8 {[%clk
0:04:39]} 62.Rf3 {[%clk 0:00:56]} 62...Ra4 {[%clk 0:03:47]} 63.Re4 {[%clk
0:01:25]} 63...Ra2 {[%clk 0:04:11]} 64.Rc3 {[%clk 0:01:38]} 64...Ba5 {[%clk
0:03:59]} 65.Rf3 {[%clk 0:00:34]} 65...Rxc2+ {[%clk 0:04:19]} 66.Rf2 {[%clk
0:01:04]} 66...Rc3 {[%clk 0:04:13]} 67.Qg4 {[%clk 0:01:17]} 67...Qxg4+ {[%clk
0:01:07]} 68.Rxg4 {[%clk 0:01:46]} 68...Re3 {[%clk 0:01:27]} 69.Rgf4 {[%clk
0:00:48]} 69...Rxe5 {[%clk 0:01:48]} 70.Rxf7 {[%clk 0:01:16]} 70...Rxg5+ {[%clk
0:02:10]} 71.Kf1 {[%clk 0:01:40]} 71...Rf5 {[%clk 0:02:29]} 72.R7xf5 {[%clk
0:02:05]} 1/2-1/2

[Event "Najdorf Memorial"]
[Site "Warsaw POL"]
[Date "2021.07.15"]
[Round "6.2"]
[White "Rozentalis, Eduardas"]
[Black "Dragun, Kamil"]
[Result "1/2-1/2"]
[WhiteElo "2526"]
[BlackElo "2557"]
[EventDate "2021.07.10"]
[PlyCount "61"]
[LiveChessVersion "1.4.8"]

1.e4 {[%clk 1:30:57]} 1...c6 {[%clk 1:27:31]} 2.Nc3 {[%clk 1:30:40]} 2...d5
{[%clk 1:27:53]} 3.Nf3 {[%clk 1:31:03]} 3...Bg4 {[%clk 1:27:56]} 4.h3 {[%clk
1:31:16]} 4...Bxf3 {[%clk 1:28:12]} 5.Qxf3 {[%clk 1:31:41]} 5...e6 {[%clk
1:28:31]} 6.g3 {[%clk 1:28:55]} 6...Nf6 {[%clk 1:28:38]} 7.Bg2 {[%clk 1:29:12]}
7...Bc5 {[%clk 1:28:49]} 8.d3 {[%clk 1:28:18]} 8...Nbd7 {[%clk 1:26:54]} 9.Qe2
{[%clk 1:24:55]} 9...O-O {[%clk 1:25:05]} 10.O-O {[%clk 1:24:08]} 10...Qc7
{[%clk 1:21:21]} 11.Kh2 {[%clk 1:21:08]} 11...Bd4 {[%clk 1:20:32]} 12.Nd1
{[%clk 1:18:40]} 12...b5 {[%clk 1:17:43]} 13.f4 {[%clk 1:17:12]} 13...dxe4
{[%clk 1:13:46]} 14.dxe4 {[%clk 1:17:10]} 14...e5 {[%clk 1:14:13]} 15.f5 {[%clk
1:10:40]} 15...Ne8 {[%clk 0:52:01]} 16.g4 {[%clk 0:58:57]} 16...f6 {[%clk
0:52:16]} 17.Nf2 {[%clk 0:58:32]} 17...Nd6 {[%clk 0:44:18]} 18.h4 {[%clk
0:56:05]} 18...h6 {[%clk 0:41:52]} 19.Nh3 {[%clk 0:51:53]} 19...Kf7 {[%clk
0:39:56]} 20.c3 {[%clk 0:43:57]} 20...Bb6 {[%clk 0:39:45]} 21.b3 {[%clk
0:44:13]} 21...Ke7 {[%clk 0:37:12]} 22.a4 {[%clk 0:42:37]} 22...a5 {[%clk
0:36:56]} 23.Rd1 {[%clk 0:32:28]} 23...Rfd8 {[%clk 0:32:43]} 24.Rb1 {[%clk
0:26:57]} 24...Bc5 {[%clk 0:30:32]} 25.Qa2 {[%clk 0:22:31]} 25...b4 {[%clk
0:22:07]} 26.cxb4 {[%clk 0:13:55]} 26...axb4 {[%clk 0:22:31]} 27.Rd3 {[%clk
0:13:17]} 27...Bd4 {[%clk 0:21:42]} 28.Rg3 {[%clk 0:13:32]} 28...c5 {[%clk
0:21:11]} 29.Qe2 {[%clk 0:13:22]} 29...Rh8 {[%clk 0:20:13]} 30.Bd2 {[%clk
0:12:37]} 30...Qb6 {[%clk 0:19:18]} 31.Be1 {[%clk 0:08:17]} 1/2-1/2

[Event "Najdorf Memorial"]
[Site "Warsaw POL"]
[Date "2021.07.15"]
[Round "6.3"]
[White "Czopor, Maciej"]
[Black "Noe, Christopher"]
[Result "1/2-1/2"]
[WhiteElo "2279"]
[BlackElo "2527"]
[EventDate "2021.07.10"]
[PlyCount "90"]
[LiveChessVersion "1.4.8"]

1.e4 {[%clk 1:30:56]} 1...c6 {[%clk 1:30:22]} 2.d4 {[%clk 1:29:42]} 2...d5
{[%clk 1:30:43]} 3.e5 {[%clk 1:29:14]} 3...Bf5 {[%clk 1:29:34]} 4.Nd2 {[%clk
1:29:40]} 4...e6 {[%clk 1:29:43]} 5.Nb3 {[%clk 1:30:07]} 5...Nd7 {[%clk
1:30:06]} 6.Nf3 {[%clk 1:30:29]} 6...Ne7 {[%clk 1:30:19]} 7.Be2 {[%clk 1:30:34]}
7...h6 {[%clk 1:29:04]} 8.O-O {[%clk 1:30:48]} 8...g5 {[%clk 1:29:21]} 9.Ne1
{[%clk 1:29:43]} 9...Qc7 {[%clk 1:28:50]} 10.Nd3 {[%clk 1:27:52]} 10...Ng6
11.f4 {[%clk 1:22:54]} 11...c5 {[%clk 1:18:14]} 12.dxc5 {[%clk 1:20:35]}
12...gxf4 {[%clk 1:12:23]} 13.Bxf4 {[%clk 1:16:59]} 13...Nxf4 {[%clk 1:02:42]}
14.Rxf4 {[%clk 1:15:43]} 14...O-O-O {[%clk 1:00:52]} 15.Qd2 {[%clk 1:01:29]}
15...Rg8 {[%clk 0:45:14]} 16.Bf1 {[%clk 0:51:11]} 16...Kb8 {[%clk 0:39:33]}
17.Re1 {[%clk 0:47:23]} 17...Nxc5 {[%clk 0:30:20]} 18.Ndxc5 {[%clk 0:36:53]}
18...Bxc5+ {[%clk 0:30:43]} 19.Nxc5 {[%clk 0:36:37]} 19...Qxc5+ {[%clk 0:31:10]}
20.Rf2 {[%clk 0:36:48]} 20...Rg5 {[%clk 0:22:09]} 21.c3 {[%clk 0:35:31]}
21...d4 {[%clk 0:20:52]} 22.cxd4 {[%clk 0:33:19]} 22...Rxd4 {[%clk 0:19:21]}
23.Qe3 {[%clk 0:29:07]} 23...Qd5 {[%clk 0:15:47]} 24.g3 {[%clk 0:23:04]}
24...Re4 {[%clk 0:10:08]} 25.Qc3 {[%clk 0:23:25]} 25...Rxe1 {[%clk 0:10:29]}
26.Qxe1 {[%clk 0:23:52]} 26...Rg4 {[%clk 0:10:43]} 27.Qc3 {[%clk 0:22:08]}
27...Rd4 28.Qe3 {[%clk 0:21:03]} 28...Rd1 {[%clk 0:08:17]} 29.Qxh6 {[%clk
0:20:27]} 29...a6 {[%clk 0:06:55]} 30.b4 {[%clk 0:09:42]} 30...Qxe5 {[%clk
0:04:48]} 31.Rd2 {[%clk 0:07:38]} 31...Rb1 {[%clk 0:03:34]} 32.a4 {[%clk
0:02:23]} 32...Ka7 {[%clk 0:03:52]} 33.Rd8 {[%clk 0:01:01]} 33...Bh3 {[%clk
0:02:34]} 34.Qxh3 {[%clk 0:00:39]} 34...Qe3+ {[%clk 0:02:59]} 35.Kg2 {[%clk
0:00:40]} 35...Rb2+ {[%clk 0:02:51]} 36.Kh1 {[%clk 0:01:07]} 36...Qf3+ {[%clk
0:02:45]} 37.Qg2 {[%clk 0:01:14]} 37...Rxg2 {[%clk 0:03:04]} 38.Bxg2 {[%clk
0:01:40]} 38...Qb3 {[%clk 0:02:46]} 39.h3 {[%clk 0:01:05]} 39...Qxa4 {[%clk
0:02:12]} 40.Kh2 {[%clk 0:31:10]} 40...Qxb4 {[%clk 0:31:12]} 41.h4 {[%clk
0:31:13]} 41...a5 {[%clk 0:31:28]} 42.h5 {[%clk 0:31:24]} 42...Qg4 {[%clk
0:31:26]} 43.h6 {[%clk 0:31:47]} 43...Qh5+ {[%clk 0:31:42]} 44.Kg1 {[%clk
0:32:14]} 44...Qxh6 {[%clk 0:32:05]} 45.Rd7 {[%clk 0:32:39]} 45...Qe3+ {[%clk
0:32:12]} 1/2-1/2

[Event "Najdorf Memorial"]
[Site "Warsaw POL"]
[Date "2021.07.15"]
[Round "6.4"]
[White "Mickiewicz, Piotr"]
[Black "Pacan-milej, Kosma"]
[Result "1-0"]
[WhiteElo "2247"]
[BlackElo "2421"]
[EventDate "2021.07.10"]
[PlyCount "83"]
[LiveChessVersion "1.4.8"]

1.Nf3 {[%clk 1:18:19]} 1...d5 {[%clk 1:30:13]} 2.g3 {[%clk 1:18:32]} 2...c6
{[%clk 1:30:25]} 3.Bg2 {[%clk 1:08:36]} 3...Bg4 {[%clk 1:30:35]} 4.c4 {[%clk
1:07:10]} 4...e6 {[%clk 1:29:09]} 5.O-O {[%clk 0:53:56]} 5...Nd7 {[%clk
1:28:07]} 6.d3 {[%clk 0:47:02]} 6...Ngf6 {[%clk 1:23:46]} 7.Nc3 {[%clk 0:39:34]}
7...Bc5 {[%clk 1:09:16]} 8.d4 {[%clk 0:34:32]} 8...Be7 {[%clk 1:06:54]} 9.Qb3
{[%clk 0:34:06]} 9...Qb6 {[%clk 1:05:03]} 10.c5 {[%clk 0:28:05]} 10...Qxb3
{[%clk 0:53:36]} 11.axb3 {[%clk 0:27:07]} 11...Bxf3 {[%clk 0:53:47]} 12.Bxf3
{[%clk 0:27:27]} 12...e5 {[%clk 0:53:25]} 13.e3 {[%clk 0:27:35]} 13...O-O
{[%clk 0:53:11]} 14.b4 {[%clk 0:26:32]} 14...a6 {[%clk 0:53:32]} 15.Bd2 {[%clk
0:21:55]} 15...Rfe8 {[%clk 0:51:57]} 16.Ra2 {[%clk 0:19:21]} 16...Bf8 {[%clk
0:50:28]} 17.Rfa1 {[%clk 0:17:57]} 17...Rab8 {[%clk 0:49:09]} 18.g4 {[%clk
0:15:38]} 18...h6 {[%clk 0:41:52]} 19.h4 {[%clk 0:15:54]} 19...g6 {[%clk
0:39:37]} 20.Kg2 {[%clk 0:08:50]} 20...Bg7 {[%clk 0:38:40]} 21.b5 {[%clk
0:07:26]} 21...axb5 {[%clk 0:37:17]} 22.Ra7 {[%clk 0:07:54]} 22...b4 {[%clk
0:26:53]} 23.Na4 {[%clk 0:07:09]} 23...Ne4 {[%clk 0:13:07]} 24.Bxe4 {[%clk
0:07:24]} 24...dxe4 {[%clk 0:13:34]} 25.d5 {[%clk 0:07:42]} 25...Red8 {[%clk
0:06:05]} 26.Bxb4 {[%clk 0:06:30]} 26...cxd5 {[%clk 0:03:09]} 27.c6 {[%clk
0:06:50]} 27...bxc6 {[%clk 0:03:24]} 28.Be7 {[%clk 0:07:11]} 28...c5 {[%clk
0:00:48]} 29.Bxd8 {[%clk 0:06:22]} 29...Rxd8 {[%clk 0:01:17]} 30.Nc3 {[%clk
0:06:51]} 30...Nf8 {[%clk 0:00:35]} 31.Ra8 {[%clk 0:07:09]} 31...Rd7 {[%clk
0:00:47]} 32.Rc8 {[%clk 0:07:28]} 32...f5 {[%clk 0:00:40]} 33.Rxc5 {[%clk
0:03:53]} 33...d4 {[%clk 0:01:06]} 34.Nd5 {[%clk 0:04:00]} 34...Ne6 {[%clk
0:00:49]} 35.Rb5 {[%clk 0:03:55]} 35...f4 {[%clk 0:00:43]} 36.Ra6 {[%clk
0:02:54]} 36...Kf7 {[%clk 0:00:52]} 37.Rba5 {[%clk 0:03:13]} 37...d3 {[%clk
0:00:37]} 38.Ra7 {[%clk 0:03:18]} 38...Ke8 {[%clk 0:00:39]} 39.Rxd7 {[%clk
0:03:02]} 39...Kxd7 {[%clk 0:01:07]} 40.Nc3 {[%clk 0:33:23]} 40...f3+ {[%clk
0:30:53]} 41.Kf1 {[%clk 0:33:21]} 41...d2 {[%clk 0:29:13]} 42.Rd5+ {[%clk
0:32:31]} 1-0

[Event "Najdorf Memorial"]
[Site "Warsaw POL"]
[Date "2021.07.15"]
[Round "6.5"]
[White "Tomczak, Jacek"]
[Black "Karwowski, Kacper"]
[Result "1-0"]
[WhiteElo "2603"]
[BlackElo "2243"]
[EventDate "2021.07.10"]
[PlyCount "59"]
[LiveChessVersion "1.4.8"]

1.e4 {[%clk 1:30:57]} 1...c5 {[%clk 1:30:54]} 2.Nf3 {[%clk 1:31:20]} 2...g6
{[%clk 1:31:15]} 3.d4 {[%clk 1:31:27]} 3...cxd4 {[%clk 1:31:37]} 4.Nxd4 {[%clk
1:31:50]} 4...Nc6 {[%clk 1:31:59]} 5.c4 {[%clk 1:32:15]} 5...Nf6 {[%clk
1:32:11]} 6.Nc3 {[%clk 1:32:34]} 6...Nxd4 {[%clk 1:32:14]} 7.Qxd4 {[%clk
1:32:54]} 7...d6 {[%clk 1:32:35]} 8.Be2 {[%clk 1:33:15]} 8...Bg7 {[%clk
1:32:49]} 9.Bg5 {[%clk 1:33:30]} 9...O-O {[%clk 1:32:59]} 10.Qe3 {[%clk
1:33:55]} 10...Be6 {[%clk 1:32:25]} 11.O-O {[%clk 1:33:56]} 11...Qb6 {[%clk
1:31:23]} 12.Qd2 {[%clk 1:34:20]} 12...Qa5 {[%clk 1:27:02]} 13.Rac1 {[%clk
1:33:49]} 13...a6 {[%clk 1:18:52]} 14.b3 {[%clk 1:11:50]} 14...Rfc8 {[%clk
1:13:39]} 15.f4 {[%clk 1:11:09]} 15...b5 {[%clk 1:00:04]} 16.f5 {[%clk 1:11:19]}
16...b4 {[%clk 0:48:02]} 17.fxe6 {[%clk 1:02:54]} 17...bxc3 {[%clk 0:47:58]}
18.exf7+ {[%clk 1:03:19]} 18...Kf8 {[%clk 0:38:23]} 19.Qe3 {[%clk 1:01:51]}
19...Qc5 {[%clk 0:32:37]} 20.Kh1 {[%clk 0:42:10]} 20...Kxf7 {[%clk 0:23:12]}
21.e5 {[%clk 0:39:44]} 21...Qxe5 {[%clk 0:20:28]} 22.Qxe5 {[%clk 0:40:00]}
22...dxe5 {[%clk 0:20:57]} 23.Bf3 {[%clk 0:37:44]} 23...Rab8 {[%clk 0:19:40]}
24.Rxc3 {[%clk 0:37:29]} 24...Ke6 {[%clk 0:18:51]} 25.Re1 {[%clk 0:31:44]}
25...Kf5 {[%clk 0:17:04]} 26.Bc1 {[%clk 0:30:51]} 26...h5 {[%clk 0:11:32]}
27.Rce3 {[%clk 0:29:22]} 27...Ng4 {[%clk 0:11:27]} 28.R3e2 {[%clk 0:29:19]}
28...Rc5 {[%clk 0:11:31]} 29.Bd5 {[%clk 0:24:52]} 29...g5 {[%clk 0:04:35]}
30.Bf7 {[%clk 0:24:38]} 1-0

[Event "Najdorf Memorial"]
[Site "Warsaw POL"]
[Date "2021.07.15"]
[Round "6.6"]
[White "Kiolbasa, Oliwia"]
[Black "Romanishin, Oleg M"]
[Result "1/2-1/2"]
[WhiteElo "2255"]
[BlackElo "2404"]
[EventDate "2021.07.10"]
[PlyCount "66"]
[LiveChessVersion "1.4.8"]

1.e4 {[%clk 1:30:57]} 1...e5 {[%clk 1:30:52]} 2.Nf3 {[%clk 1:31:20]} 2...Nc6
{[%clk 1:31:19]} 3.Bb5 {[%clk 1:31:40]} 3...a6 {[%clk 1:31:43]} 4.Ba4 {[%clk
1:31:58]} 4...Nf6 {[%clk 1:32:07]} 5.O-O {[%clk 1:32:16]} 5...Be7 {[%clk
1:32:34]} 6.Re1 {[%clk 1:32:34]} 6...d6 {[%clk 1:32:30]} 7.c3 {[%clk 1:31:46]}
7...Bg4 {[%clk 1:31:27]} 8.d3 {[%clk 1:30:50]} 8...O-O {[%clk 1:30:08]} 9.Nbd2
{[%clk 1:29:07]} 9...Nd7 {[%clk 1:28:54]} 10.h3 {[%clk 1:29:22]} 10...Bh5
{[%clk 1:29:18]} 11.Nf1 {[%clk 1:29:32]} 11...Nc5 {[%clk 1:29:20]} 12.Bc2
{[%clk 1:26:06]} 12...Ne6 {[%clk 1:20:03]} 13.Ng3 {[%clk 1:22:58]} 13...Bg6
{[%clk 1:19:18]} 14.a4 {[%clk 1:01:02]} 14...a5 {[%clk 1:18:47]} 15.Bb3 {[%clk
0:59:29]} 15...Ng5 {[%clk 1:13:19]} 16.Nh2 {[%clk 0:54:25]} 16...Ne6 {[%clk
1:13:09]} 17.Bc4 {[%clk 0:47:10]} 17...Bg5 {[%clk 1:09:53]} 18.Ng4 {[%clk
0:46:06]} 18...Bxc1 {[%clk 1:06:59]} 19.Rxc1 {[%clk 0:46:27]} 19...Kh8 {[%clk
1:01:35]} 20.Ne3 {[%clk 0:44:17]} 20...Nf4 {[%clk 0:56:39]} 21.Nd5 {[%clk
0:36:23]} 21...Nxd5 {[%clk 0:55:19]} 22.Bxd5 {[%clk 0:36:34]} 22...Ne7 {[%clk
0:53:58]} 23.Bb3 {[%clk 0:33:24]} 23...f5 {[%clk 0:49:25]} 24.exf5 {[%clk
0:32:31]} 24...Nxf5 {[%clk 0:49:46]} 25.Nxf5 {[%clk 0:31:38]} 25...Rxf5 {[%clk
0:48:07]} 26.Qd2 {[%clk 0:21:41]} 26...Qf6 {[%clk 0:38:18]} 27.Bd5 {[%clk
0:20:22]} 27...Rf8 {[%clk 0:37:59]} 28.Rf1 {[%clk 0:19:53]} 28...c6 {[%clk
0:34:32]} 29.Be4 {[%clk 0:18:47]} 29...Rf4 {[%clk 0:34:09]} 30.Rce1 {[%clk
0:16:54]} 30...h6 {[%clk 0:27:54]} 31.Bxg6 {[%clk 0:14:14]} 31...Qxg6 {[%clk
0:28:17]} 32.Re4 {[%clk 0:13:43]} 32...R8f6 {[%clk 0:24:31]} 33.Rxf4 {[%clk
0:11:41]} 33...exf4 {[%clk 0:22:40]} 1/2-1/2

[Event "Najdorf Memorial"]
[Site "Warsaw POL"]
[Date "2021.07.15"]
[Round "6.7"]
[White "Niedbala, Bartlomiej"]
[Black "Nowak, Mikolaj"]
[Result "1-0"]
[WhiteElo "2360"]
[BlackElo "2310"]
[EventDate "2021.07.10"]
[PlyCount "111"]
[LiveChessVersion "1.4.8"]

1.e4 {[%clk 1:30:56]} 1...d6 {[%clk 1:30:39]} 2.d4 {[%clk 1:31:09]} 2...Nf6
{[%clk 1:31:04]} 3.Nc3 {[%clk 1:31:35]} 3...g6 {[%clk 1:31:28]} 4.Be3 {[%clk
1:31:24]} 4...c6 {[%clk 1:31:45]} 5.Qd2 {[%clk 1:28:21]} 5...b5 {[%clk 1:32:02]}
6.Bd3 {[%clk 1:26:50]} 6...Nbd7 {[%clk 1:31:53]} 7.Nf3 {[%clk 1:25:50]} 7...Qc7
{[%clk 1:23:21]} 8.Bh6 {[%clk 1:17:08]} 8...Bb7 {[%clk 1:10:35]} 9.Bxf8 {[%clk
1:12:27]} 9...Kxf8 {[%clk 1:02:23]} 10.Qh6+ {[%clk 1:07:16]} 10...Kg8 {[%clk
1:02:44]} 11.a3 {[%clk 1:02:44]} 11...e5 {[%clk 0:59:05]} 12.dxe5 {[%clk
1:00:57]} 12...dxe5 {[%clk 0:57:58]} 13.O-O {[%clk 0:58:26]} 13...Qd6 {[%clk
0:53:13]} 14.Rfd1 {[%clk 0:52:36]} 14...Qf8 {[%clk 0:53:07]} 15.Qe3 {[%clk
0:52:09]} 15...Kg7 {[%clk 0:52:12]} 16.Ne2 {[%clk 0:47:17]} 16...Qe7 {[%clk
0:47:49]} 17.Ng3 {[%clk 0:44:08]} 17...Rhd8 {[%clk 0:44:10]} 18.Qg5 {[%clk
0:40:38]} 18...Qe6 {[%clk 0:35:09]} 19.Bf1 {[%clk 0:34:59]} 19...h6 {[%clk
0:28:58]} 20.Qe3 {[%clk 0:34:20]} 20...Nb6 {[%clk 0:27:33]} 21.b3 {[%clk
0:32:21]} 21...Qe7 {[%clk 0:24:08]} 22.Rxd8 {[%clk 0:27:46]} 22...Rxd8 {[%clk
0:24:27]} 23.h3 {[%clk 0:25:49]} 23...Nc8 {[%clk 0:21:09]} 24.c4 {[%clk
0:20:52]} 24...bxc4 {[%clk 0:19:37]} 25.Bxc4 {[%clk 0:21:03]} 25...c5 {[%clk
0:19:16]} 26.Rc1 {[%clk 0:16:58]} 26...Nb6 {[%clk 0:18:30]} 27.Be2 {[%clk
0:15:06]} 27...Rc8 {[%clk 0:17:06]} 28.a4 {[%clk 0:12:18]} 28...Nbd7 {[%clk
0:17:12]} 29.Rd1 {[%clk 0:11:11]} 29...Nb8 {[%clk 0:16:06]} 30.Rc1 {[%clk
0:08:37]} 30...Nfd7 {[%clk 0:14:34]} 31.Bb5 {[%clk 0:08:27]} 31...Nf8 {[%clk
0:14:14]} 32.Qc3 {[%clk 0:08:15]} 32...f6 {[%clk 0:14:24]} 33.Nh4 {[%clk
0:06:18]} 33...Kh7 {[%clk 0:14:22]} 34.Nhf5 {[%clk 0:04:06]} 34...gxf5 {[%clk
0:14:10]} 35.Nxf5 {[%clk 0:04:34]} 35...Qc7 {[%clk 0:09:24]} 36.Qe3 {[%clk
0:04:48]} 36...Kh8 {[%clk 0:09:10]} 37.Qxh6+ {[%clk 0:04:27]} 37...Nh7 {[%clk
0:09:32]} 38.Rxc5 {[%clk 0:04:43]} 38...Qf7 {[%clk 0:09:42]} 39.Nd6 {[%clk
0:01:35]} 39...Qe7 {[%clk 0:08:30]} 40.Rxc8+ {[%clk 0:31:09]} 40...Bxc8 {[%clk
0:38:51]} 41.Nxc8 {[%clk 0:31:07]} 41...Qc7 {[%clk 0:38:37]} 42.Nxa7 {[%clk
0:27:25]} 42...Qxa7 {[%clk 0:39:03]} 43.Qc1 {[%clk 0:24:52]} 43...Kg7 {[%clk
0:32:10]} 44.Qc8 {[%clk 0:19:01]} 44...Qb6 {[%clk 0:27:12]} 45.Bc4 {[%clk
0:17:20]} 45...Nf8 {[%clk 0:24:16]} 46.a5 {[%clk 0:15:40]} 46...Qd6 {[%clk
0:23:17]} 47.a6 {[%clk 0:13:42]} 47...Nc6 {[%clk 0:23:28]} 48.Bd5 {[%clk
0:07:35]} 48...Na7 {[%clk 0:23:43]} 49.Qb7+ {[%clk 0:05:24]} 49...Qd7 {[%clk
0:24:05]} 50.Qb6 {[%clk 0:05:17]} 50...Ng6 {[%clk 0:22:01]} 51.g3 {[%clk
0:04:43]} 51...Ne7 {[%clk 0:22:07]} 52.Qb7 {[%clk 0:04:45]} 52...Qxb7 {[%clk
0:22:23]} 53.axb7 {[%clk 0:05:13]} 53...Nac6 {[%clk 0:22:43]} 54.Bxc6 {[%clk
0:05:41]} 54...Nxc6 {[%clk 0:23:07]} 55.h4 {[%clk 0:05:43]} 55...Kg6 {[%clk
0:23:29]} 56.g4 {[%clk 0:06:03]} 1-0

[Event "Najdorf Memorial"]
[Site "Warsaw POL"]
[Date "2021.07.15"]
[Round "6.8"]
[White "Kowalski, Igor"]
[Black "Selbes, Tarik"]
[Result "1/2-1/2"]
[WhiteElo "2349"]
[BlackElo "2235"]
[EventDate "2021.07.10"]
[PlyCount "39"]
[LiveChessVersion "1.4.8"]

1.e4 {[%clk 1:30:58]} 1...e5 {[%clk 1:30:42]} 2.Nf3 {[%clk 1:30:38]} 2...Nc6
{[%clk 1:31:06]} 3.Bc4 {[%clk 1:31:05]} 3...Nf6 {[%clk 1:31:13]} 4.d3 {[%clk
1:31:29]} 4...Be7 {[%clk 1:29:50]} 5.O-O {[%clk 1:31:11]} 5...O-O {[%clk
1:29:09]} 6.Re1 {[%clk 1:31:11]} 6...d6 {[%clk 1:29:20]} 7.a4 {[%clk 1:31:15]}
7...Na5 {[%clk 1:29:29]} 8.Ba2 {[%clk 1:31:13]} 8...c5 {[%clk 1:29:53]} 9.c3
{[%clk 1:31:36]} 9...Nc6 {[%clk 1:30:11]} 10.Na3 {[%clk 1:31:53]} 10...h6
{[%clk 1:12:19]} 11.Bd2 {[%clk 1:26:29]} 11...Nh7 {[%clk 1:07:29]} 12.Nc4
{[%clk 1:24:50]} 12...Kh8 {[%clk 1:01:52]} 13.Ne3 {[%clk 1:24:19]} 13...Ng5
{[%clk 1:00:05]} 14.g3 {[%clk 1:04:39]} 14...Nxf3+ {[%clk 0:54:46]} 15.Qxf3
{[%clk 1:04:58]} 15...Bg5 {[%clk 0:55:13]} 16.Qe2 {[%clk 0:56:01]} 16...Bxe3
{[%clk 0:46:22]} 17.Bxe3 {[%clk 0:54:40]} 17...f5 {[%clk 0:46:45]} 18.exf5
{[%clk 0:54:40]} 18...Bxf5 {[%clk 0:46:50]} 19.Bd5 {[%clk 0:54:13]} 19...Qf6
{[%clk 0:44:52]} 20.Be4 {[%clk 0:48:35]} 1/2-1/2